How can Africa survive? /

Bibliographic Details
Main Author: Whitaker, Jennifer Seymour, 1938-
Format: Book
Language:English
Published: New York : Harper & Row, [1988]
Edition:1st ed.
Subjects:

MARC

Tag First Indicator Second Indicator Subfields
LEADER 00000cam a2200000 a 4500
001 in00000032265
005 20151007060441.0
008 880107s1988 nyu b 00110 eng
010 |a  87046181  
020 |a 0060390891 :  |c $19.95 
035 |a (OCoLC)17385612 
035 |9 AAC0886AM 
040 |a DLC  |c DLC  |d TXA  |d UtOrBLW 
043 |a f------ 
049 |a TXAM  |c [A10937688] 
050 0 0 |a HC800  |b .W48 1988 
082 0 |a 960/.328  |2 19 
100 1 |a Whitaker, Jennifer Seymour,  |d 1938- 
245 1 0 |a How can Africa survive? /  |c Jennifer Seymour Whitaker. 
250 |a 1st ed. 
264 1 |a New York :  |b Harper & Row,  |c [1988] 
264 4 |c ©1988 
300 |a vi, 264 pages ;  |c 24 cm. 
336 |a text  |b txt  |2 rdacontent 
337 |a unmediated  |b n  |2 rdamedia 
338 |a volume  |b nc  |2 rdacarrier 
500 |a "A Cornelia and Michael Bessie book." 
504 |a Bibliography: pages 233-252. 
500 |a Includes index. 
651 0 |a Africa  |x Economic conditions  |y 1960- 
651 0 |a Africa  |x Social conditions  |y 1960- 
651 0 |a Africa  |x Politics and government  |y 1960- 
999 |a MARS 
999 f f |s a8916464-65eb-3b07-a17c-60550b31f200  |i e1b241a1-c4cb-31a7-a9ae-5607a3c44d1a  |t 0 
952 f f |p ric  |a Texas A&M University  |b Rellis Campus  |c Joint Library Facility  |d Remote Storage  |t 0  |e HC800 .W48 1988  |h Library of Congress classification  |i unmediated -- volume  |m A14810937688 
998 f f |a HC800 .W48 1988  |t 0  |l Remote Storage